000 00736pam a2200229 a 4500
001 4453236
005 20180215034028.0
008 950818s1996 njua 001 0 eng
010 _a 95039703
020 _a0133835642 (alk. paper)
040 _aDLC
_cDLC
_dDLC
041 _aeng
043 _an-us---
080 _a657.83500973 FRE
082 0 0 _a657.83500973 FRE
_220
100 1 _a62
101 _aKF
245 1 0 _aGovernmental and nonprofit accounting :
_cRobert J. Freeman, Craig D. Shoulders.
906 _a7
_bcbc
_corignew
_d1
_eocip
_f19
_gy-gencatlg
942 _2ddc
_cBK
999 _c42578
_d42578